[Event "12th Chennai Open 2020"]
[Site "Chennai"]
[Date "2020.01.25"]
[Round "10.4"]
[White "Vishnu Prasanna. V"]
[Black "Goganov, Aleksey"]
[Result "1-0"]
[WhiteElo "2474"]
[BlackElo "2583"]
[Annotator "TA"]
[PlyCount "189"]
[EventDate "2020.01.19"]
[EventType "swiss"]
[EventCountry "IND"]
[SourceTitle "playchess.com"]
[Source "ChessBase"]
[SourceQuality "1"]

{[%evp 13,189,1,18,5,4,7,14,14,35,-20,-26,-26,19,0,37,33,33,39,38,35,37,32,47,26,26,43,33,38,51,45,82,79,87,99,153,138,150,135,152,145,133,127,164,95,120,114,106,89,103,89,102,102,102,102,100,95,116,105,114,119,112,114,120,59,87,66,95,51,57,68,97,89,87,53,68,63,48,72,100,105,160,160,114,90,158,164,142,150,167,65,193,139,271,271,270,249,439,214,202,198,195,170,543,538,563,561,550,547,511,494,542,548,525,483,601,539,754,750,591,506,826,774,642,28,35,0,778,696,12842,12844,5202,12793,6211,8058,7108,0,479,0,6207,5769,29983,29984,29984,29985,29984,3004,29971,29970,29968,29969,29983,29983,29983,1134,29981,29982,29982,29981,29981,29982,29982,29983,29970,0,29969,29970,29988,29988,29989,29987,29987,29988,29991,29992,29992,29993,29996,29997]} 1. d4 Nf6 2. c4 e6 3. Nf3 d5 4. Nc3 dxc4 5. Qa4+ c6 6. Qxc4 b5 7. Qd3 Bb7 8. e4 {D43: Semi-Slav: 5 Bg5 h6} b4 9. Na4 Nbd7 10. Be3 {The position is equal.} Be7 11. Nc5 $146 (11. Nd2 $14) ({Predecessor:} 11. Nd2 O-O 12. Nb3 a5 13. f3 Ba6 14. Qc2 Bb5 15. Nbc5 Nxc5 16. Nxc5 {½-½ (53) Dreev,A (2694)-Van Wely,L (2648) Khanty-Mansiysk 2005}) 11... Nxc5 $11 12. dxc5 Qa5 13. Nd2 Rd8 14. Nc4 Qc7 15. Nd6+ $1 Bxd6 16. cxd6 Rxd6 17. Qc4 {e5 is the strong threat.} Nd7 18. Qxb4 c5 19. Qc3 O-O 20. f3 Qc6 21. Bc4 Nb6 22. Be2 Na4 23. Qc2 Ba6 (23... c4 $142) 24. b3 $1 $16 {aiming for Bxa6.} Bxe2 25. Kxe2 Qa6+ 26. Kf2 Nb6 27. Qxc5 (27. Bxc5 $6 Rc6 $14) 27... Rfd8 28. Qc2 ({White should play} 28. Rhc1 $18) 28... h6 29. Rhe1 Nd7 30. Qe2 {Hoping for Qxa6.} Qa5 31. Red1 Ne5 32. Rxd6 Rxd6 33. Kg1 Nc6 34. Qc4 Qd8 35. Rc1 Ne5 36. Qe2 a6 37. h3 Kh7 38. Bf4 (38. Rc2 $16) 38... Qf6 39. Bh2 Rd4 40. Rd1 Qd8 41. Rxd4 $1 Qxd4+ 42. Kh1 Nd3 43. Bg1 $36 {[%mdl 2048] Black is under pressure.} Qc3 $1 44. Be3 Qa1+ 45. Kh2 Qb1 46. Qd2 e5 (46... f6 $142 47. Qc3 Qf1) 47. Qc3 $1 f6 48. h4 Qf1 (48... h5 $142) 49. h5 Ne1 {[%csl Ge1][%cal Rf1g2]} 50. Qd2 Nd3 51. Qc2 (51. a4 $18) 51... Nb4 (51... Qe1 $1 $14 52. Qd2 (52. Qxd3 Qh4+ 53. Kg1 Qe1+ 54. Qf1 Qxe3+ 55. Qf2 Qc1+ 56. Kh2 Qg5 $16) 52... Qf1) 52. Qc1 ({White should try} 52. Qc8 $18) 52... Qe2 (52... Qb5 $16) 53. Qd2 $1 $18 {[%cal Rd2e2]} Qb5 54. a4 Qb8 $2 (54... Qb7 {keeps fighting.} 55. Bc5 Nc6) 55. Qd7 (55. Bc5 $142) 55... Nc2 56. Qf5+ Kh8 57. Bxh6 $1 Nd4 $2 {[#]} (57... Qe8 {is a better chance.}) 58. Bxg7+ $1 {[%mdl 512]} Kxg7 59. Qg6+ Kh8 60. Qxf6+ Kg8 61. Qxa6 Qd8 {intending ...Qh4+.} 62. Qg6+ Kh8 63. Kh3 Qc8+ 64. Kh4 Nxf3+ 65. Kg3 $1 {White threatens h6 and mate.} ({Inferior is} 65. gxf3 Qh3+ 66. Kxh3 $11 (66. Kg5 Qg4+ 67. Kh6 Qg5+ 68. Kxg5 $11)) 65... Nd4 66. h6 {[%csl Gh6][%cal Rg6g7]} Ne6 (66... Qf8 $142 67. a5 Ne2+ 68. Kh2 Nf4) 67. a5 Qd7 68. a6 $2 ({Better is} 68. b4 $18 Qd3+ 69. Kh2) 68... Qd3+ $11 69. Kh4 (69. Kh2 $5 {[%cal Rg6e6]} Qxa6 70. b4 $18) 69... Qxa6 $2 {[%mdl 8192]} (69... Qd8+ $11 70. Kg4 Qd7) 70. g4 $18 Qb6 {( -> ...Qf2+)} 71. Qf6+ $1 Kg8 72. g5 Qc6 73. Qg6+ Kh8 74. Qf6+ (74. b4 $142 Qd7 75. Qf5) 74... Kg8 75. Qg6+ (75. Qxe5 $142 Qd7 76. b4) 75... Kh8 76. b4 {[%cal Bb3b4,Bb4b5][%mdl 32]} Qb6 77. Qf6+ Kh7 78. Qf7+ Kh8 79. Qf5 (79. h7 $142 Qd8 80. Qxe6 Qa8 81. Qg8+ $1 {[%mdl 576] Promotion} Qxg8 82. hxg8=Q+ Kxg8 83. b5 Kf8 84. b6) 79... Qd6 80. Qf6+ Kh7 81. b5 Qd4 82. Qf7+ Kh8 83. Qf5 (83. Kh5 $142 Nf4+ 84. Kg4 Nh5 85. Qf8+ (85. Kxh5 Qd1+ 86. Kg6 Qh5+ 87. Kxh5 $11) 85... Kh7 86. Qf5+ Kg8 87. Kxh5 Qd1+ 88. Qg4) 83... Qb2 {[#]} 84. Qf6+ $1 Kh7 85. Qf7+ Kh8 {[#]} 86. Qe8+ $1 Kh7 87. Qe7+ Kh8 88. Qf6+ Kh7 89. Kg4 {White mates.} Qc2 90. Qf5+ Kh8 91. Qxe5+ Kh7 92. Qf5+ Kh8 93. Qxe6 Qg2+ 94. Kf5 Qf1+ 95. Kg6 {Accuracy: White = 62%, Black = 37%.} 1-0

[Event "12th Chennai Open 2020"]
[Site "Chennai"]
[Date "2020.01.25"]
[Round "10.6"]
[White "Bogdanovich, Stanislav"]
[Black "Lugovskoy, Maxim"]
[Result "1-0"]
[WhiteElo "2562"]
[BlackElo "2453"]
[Annotator "TA"]
[PlyCount "45"]
[EventDate "2020.01.19"]
[EventType "swiss"]
[EventCountry "IND"]
[SourceTitle "playchess.com"]
[Source "ChessBase"]
[SourceQuality "1"]

{[%evp 13,45,-14,59,56,39,43,58,0,2,0,0,0,5,0,36,21,8,7,4,15,31,-22,-23,-15,0,0,188,208,192,77,82,72,618,599]} 1. d4 e6 2. c4 Nf6 3. Nf3 c5 4. d5 b5 5. dxe6 fxe6 6. cxb5 d5 7. g3 Bd6 ({Better is} 7... a6 $11) 8. Bg2 $14 {E10: Blumenfeld Gambit} O-O (8... a6 9. bxa6 O-O 10. O-O Nc6 11. Nc3 Bxa6 12. Bg5 h6 13. Bxf6 Qxf6 14. Rc1 Nd4 15. Ne1 Rab8 {1-0 (60) Kamsky,G (2729)-Feygin,M (2569) Kallithea 2008}) 9. O-O Nbd7 10. Nfd2 (10. Ng5 $14 Nb6 11. a4) 10... a6 $146 ({Predecessor:} 10... Bb7 11. e4 Qc7 12. f4 dxe4 {0-1 (42) Lopez Mulet,I (2403)-Gurel,A (2012) Lisbon 2014}) 11. e4 {Threatens to win with exd5.} axb5 12. exd5 exd5 13. Nc4 bxc4 14. Bxd5+ Nxd5 15. Qxd5+ {[%mdl 64] [#] Double Attack} Kh8 $1 16. Qxa8 {Nd2 is the strong threat.} Qc7 17. Be3 (17. Qg2 $14) 17... Bb7 18. Qa4 {next Nd2 is good for White.} Ne5 19. Nd2 Nf3+ $2 {[#]} (19... Bf3 $11) 20. Nxf3 $18 Bxf3 21. Rfd1 (21. Qxc4 $18 {and the rest is easy. Hoping for Rad1.} Ba8 22. Qa6) 21... Ba8 $16 22. Qa6 Qf7 $2 {[%mdl 8192]} (22... Be5 $16) 23. Qxd6 {Accuracy: White = 57%, Black = 43%.} 1-0

[Event "12th Chennai Open 2020"]
[Site "Chennai"]
[Date "2020.01.25"]
[Round "10.7"]
[White "Yudin, Sergei"]
[Black "Muthaiah AL"]
[Result "1-0"]
[WhiteElo "2508"]
[BlackElo "2367"]
[Annotator "TA"]
[PlyCount "149"]
[EventDate "2020.01.19"]
[EventType "swiss"]
[EventCountry "IND"]
[SourceTitle "playchess.com"]
[Source "ChessBase"]
[SourceQuality "1"]

{[%evp 19,149,11,20,7,6,9,14,0,0,-19,18,18,30,20,28,0,0,0,11,0,0,0,13,-17,-6,-13,-8,-30,19,0,66,70,86,24,24,22,43,43,43,43,43,43,43,43,48,43,62,44,50,49,57,46,62,43,43,43,93,93,93,93,75,44,44,44,44,44,44,44,44,43,44,43,44,43,43,36,43,36,43,43,43,43,43,43,43,43,67,67,297,285,285,285,283,249,249,249,396,383,385,386,282,337,729,600,510,354,354,341,353,356,441,320,485,450,491,431,618,594,566,563,896,825,3500,3500,1727,2291,1279,1682,29991,29992,29992,29993]} 1. e4 c5 2. Nf3 Nc6 3. Bb5 g6 4. O-O Bg7 5. c3 Nf6 (5... a6 6. Bxc6 dxc6 7. d3 Nf6 8. h3 O-O 9. Re1 b6 10. d4 cxd4 11. cxd4 c5 12. d5 Bb7 13. Nc3 {½-½ (13) Peng,X (2624)-Pigusov,E (2610) Shanghai 2000}) 6. Re1 O-O 7. d4 a6 8. Bxc6 dxc6 9. h3 cxd4 10. cxd4 c5 11. d5 {B31: Sicilian: 2...Nc6 3 Bb5 g6} b5 12. Nc3 Bb7 13. Bg5 {The position is equal.} h6 {[#]} 14. Bh4 $146 ({Predecessor:} 14. Bf4 Nd7 15. Qd2 Kh7 16. Rad1 c4 17. Qe3 Qc8 18. d6 e5 {1-0 (26) Zarnicki,P (2520)-Quinteros,M (2505) Buenos Aires 1995}) 14... g5 15. Bg3 e6 16. dxe6 Qxd1 17. exf7+ Rxf7 18. Raxd1 b4 19. Na4 {[#] aiming for Ne5.} Nxe4 20. Be5 Bf8 21. b3 Re8 22. Ba1 Rfe7 23. Rc1 Nd2 24. Ne5 Bg7 (24... c4 $1 $11 25. bxc4 Bc6) 25. Nxc5 $14 Bd5 {[%cal Rg7e5]} 26. Red1 (26. Ned3 $16) 26... Bxe5 $11 27. Bxe5 Nxb3 28. axb3 Rxe5 29. Nxa6 Bxb3 30. Rd4 Re1+ 31. Rxe1 Rxe1+ $14 {[%mdl 4096] Endgame KRB-KRN} 32. Kh2 Re2 33. Kg3 Kg7 34. Nxb4 Be6 35. h4 Rb2 36. hxg5 hxg5 37. Nd3 Rd2 38. Nc5 Re2 39. Ne4 Kg6 40. f3 Bf5 41. Rd6+ Kh5 42. Nf2 (42. Nc5 {is more complex.} Re5 43. Nb3 Re6 44. Rd5 Rf6 45. Nd4) 42... Re6 43. Rd5 Kg6 44. Rd2 Rc6 45. Nd1 Kf6 46. Ne3 Be6 47. Rb2 Rc3 48. Kf2 Rb3 49. Rc2 Rb6 50. g4 Ra6 51. Rc5 Ra2+ 52. Kg3 {And now Nd1 would win.} Ra3 53. Nd1 Bf7 $2 (53... Rd3 $1 $14) 54. Rf5+ Kg6 {[#]} 55. Nf2 $1 Be6 56. Re5 Bc8 {If only Black now had time for ...Bb7....} 57. Ne4 Bb7 (57... Kh6 $142 58. Rxg5 Bb7) 58. Re6+ $18 Kf7 59. Nxg5+ Kf8 60. Rf6+ Kg8 $2 (60... Ke8 61. Rf7 Bd5) 61. Ne6 Bd5 62. Nd4 Rd3 63. Rf4 Kh7 64. Nf5 Bb7 65. Nh4 {Strongly threatening Rf7+.} Bc6 (65... Bc8 {is a better defense.} 66. Rf7+ Kg8) 66. Rf6 Rc3 67. g5 Rc5 (67... Rc1 $142 68. g6+ Kg8) 68. Nf5 {Intending g6+ and mate.} Be8 69. f4 Ra5 70. Nd6 Ra3+ 71. Kg4 Ba4 72. Rf7+ Kg8 73. g6 {White wants to mate with Nf5.} Rd3 74. Ne4 Bd1+ 75. Kh4 {Accuracy: White = 70%, Black = 42%.} 1-0

[Event "12th Chennai Open 2020"]
[Site "Chennai"]
[Date "2020.01.25"]
[Round "10.8"]
[White "Fedorov, Alexei"]
[Black "Ameir, Moheb"]
[Result "1-0"]
[WhiteElo "2562"]
[BlackElo "2363"]
[Annotator "TA"]
[PlyCount "127"]
[EventDate "2020.01.19"]
[EventType "swiss"]
[EventCountry "IND"]
[SourceTitle "playchess.com"]
[Source "ChessBase"]
[SourceQuality "1"]

{[%evp 9,127,33,40,34,41,23,36,23,24,26,46,43,37,34,37,37,39,41,29,16,26,23,23,19,40,41,35,39,45,31,30,29,91,92,78,49,66,61,59,50,54,50,70,53,55,58,116,122,169,178,172,83,183,175,181,175,171,160,196,195,194,187,219,219,219,219,232,232,232,228,223,223,217,183,184,190,189,196,179,192,237,200,310,295,287,233,218,212,197,188,255,256,241,240,544,483,536,465,460,411,1105,993,859,837,1570,1449,29970,4710,29985,29986,29989,29990,29990,29991,29992,29991,29994,29995,29996,29975]} 1. e4 e5 2. Nf3 Nc6 3. Bc4 Nf6 4. d3 h6 5. c3 d6 6. a4 {C55: Two Knights: 4 d3, 4 d4 exd4 5 e5 and Max Lange Attack} (6. Nbd2 g5 7. Nf1 g4 8. N3d2 d5 9. exd5 Nxd5 10. Ne3 Nxe3 11. fxe3 f5 12. O-O Bd6 13. d4 Qe7 14. e4 {1-0 (34) Anand,V (2757)-Caruana,F (2822) Bucharest 2019}) 6... g6 7. a5 a6 8. O-O {White is slightly better.} Bg7 9. Nbd2 O-O 10. Re1 Kh7 11. Nf1 Nh5 12. h3 Be6 $146 ({Predecessor:} 12... Nf4 13. Bxf4 exf4 14. d4 Ne7 {0-1 (50) Neelotpal,D (2436)-Raahul,V (2294) Taleigao 2018}) 13. Bxe6 fxe6 14. g3 Na7 15. b4 Nb5 16. Bd2 Qf6 17. N1h2 Rf7 18. Qe2 Raf8 19. Rf1 Qd8 20. Kg2 d5 (20... Qa8 $11 {keeps the balance.}) 21. Rae1 $16 d4 22. Rc1 dxc3 23. Bxc3 Qd6 24. Qc2 c6 25. Rfd1 Qb8 26. Qb3 Qd6 27. Qc4 Na3 (27... Nd4 $14 28. Bxd4 exd4) 28. Qc5 Qxc5 29. bxc5 Nb5 30. Rd2 (30. Ba1 $18 {and White stays clearly on top.}) 30... g5 (30... Nxc3 $16 31. Rxc3 Nf6) 31. Bxe5 $18 Rd8 32. Bxg7 Kxg7 33. Ne5 Rff8 34. Nhf3 Nf6 35. Nc4 Ne8 36. h4 g4 37. Nfe5 h5 38. Rf1 Nf6 39. f3 gxf3+ 40. Nxf3 ({Much less strong is} 40. Rxf3 $6 Nd4 $14) 40... Ng4 41. Nfe5 Rxf1 42. Kxf1 Nxe5 43. Nxe5 {[%mdl 4096] Endgame KRN-KRN} Kf6 44. Nf3 e5 45. Rf2 Rd7 (45... Re8 {was necessary.} 46. Ng1+ Kg7) 46. Kg2 Nc3 47. Ng5+ Kg6 {[#]} 48. Rf5 $1 Rxd3 49. Rxe5 Rd2+ (49... Nd1 $142) 50. Kf3 Rd3+ 51. Kf2 Rd7 $2 (51... Na4 {is a better chance.} 52. Re6+ Kg7 53. Re7+ Kg6) 52. Re6+ Kg7 53. Rd6 Re7 54. Kf3 Na4 (54... Kf8 $142 55. Rh6 Na4 56. Rxh5 Kg8) 55. g4 hxg4+ 56. Kxg4 Nxc5 57. h5 Nd7 58. h6+ Kh8 59. Kf4 {White mates.} c5 {[#]} 60. e5 $1 {[%mdl 512]} c4 (60... Nxe5 61. Rd8+) 61. e6 Nf6 62. Rd8+ Re8 63. e7 c3 64. Ke3 {Accuracy: White = 78%, Black = 46%.} 1-0

[Event "12th Chennai Open 2020"]
[Site "Chennai"]
[Date "2020.01.25"]
[Round "10.9"]
[White "Ravichandran, Siddharth"]
[Black "Visakh N R"]
[Result "0-1"]
[WhiteElo "2358"]
[BlackElo "2518"]
[Annotator "TA RC"]
[PlyCount "48"]
[EventDate "2020.01.19"]
[EventType "swiss"]
[EventCountry "IND"]
[SourceTitle "playchess.com"]
[Source "ChessBase"]
[SourceQuality "1"]

{[%evp 10,54,14,12,13,7,25,-98,-86,-97,-107,-148,-31,-48,-63,-59,-12,-19,-25,-16,-35,-50,-13,-62,-60,-100,-96,-535,-547,-616,-650,-839,-834,-1424,-1431,-1111,-1912,-1823,-1722,-29991,-29992,-29993,-29994,-29994,-29995,-29995,-1036]} 1. e4 e5 2. Nc3 Nf6 3. Bc4 Bc5 4. d3 d6 5. Na4 Bb4+ 6. c3 d5 {C27: Vienna Game: 2...Nf6 3 Bc4 Nxe4} (6... Ba5 7. b4 Bb6 8. Nxb6 axb6 9. f4 exf4 10. Bxf4 d5 11. exd5 O-O 12. Qf3 Re8+ 13. Kd2 Nbd7 14. Nh3 {1-0 (22) Gunnarsson,J (2450)-Sorungbe,A (2234) chess.com INT 2017}) 7. exd5 Be7 8. Bb5+ {[#]} (8. d4 $11 exd4 9. cxd4 (9. Qxd4 O-O $11)) 8... Kf8 $1 $17 {Black is better.} 9. d4 Qxd5 10. Be2 $146 ({Predecessor:} 10. Bf1 Bd7 11. Nc5 Bxc5 12. dxc5 Qxc5 13. Be3 Qe7 14. Be2 {0-1 (66) Netik,J-Vavra,J Czechia 1997}) 10... exd4 ({Black should try} 10... Qxg2 $17 11. Bf3 Qg6) 11. Bf3 Qa5 12. b4 Qa6 {Threatening ...Nc6.} 13. Ne2 Nc6 $36 {[%cal Bb8c6,Bc6b4,Bb4d3][%mdl 2080] Black has the initiative.} 14. O-O dxc3 15. Nexc3 {Strongly threatening b5.} Nxb4 {Hoping for ...Be6.} 16. a3 Nd3 17. Be2 Bf5 18. g4 $2 {[%mdl 8192] [#]} (18. Be3 $17 {is a better chance.}) 18... Nxg4 $1 $19 {[%mdl 512] ...Qg6 is the strong threat.} 19. Bxg4 Qg6 20. f3 {intending Kh1.} h5 {[%mdl 64] Pin} 21. h3 hxg4 22. fxg4 Rxh3 23. Rxf5 Rd8 24. Nd5 {[#]} Rg3+ {Played: Rd8xd5} 0-1

[Event "12th Chennai Open 2020"]
[Site "Chennai"]
[Date "2020.01.25"]
[Round "10.10"]
[White "Sidhant, Mohapatra"]
[Black "Rios, Cristhian Camilo"]
[Result "1/2-1/2"]
[WhiteElo "2346"]
[BlackElo "2498"]
[Annotator "TA"]
[PlyCount "60"]
[EventDate "2020.01.19"]
[EventType "swiss"]
[EventCountry "IND"]
[SourceTitle "playchess.com"]
[Source "ChessBase"]
[SourceQuality "1"]

{[%evp 13,60,0,0,0,9,15,11,16,50,29,21,26,92,54,109,105,118,107,108,96,98,106,93,102,87,79,73,73,69,55,54,53,52,39,103,53,96,0,110,0,98,0,102,0,87,0,88,0,82]} 1. d4 Nf6 2. Nf3 e6 3. Bf4 d5 4. e3 c5 5. Nbd2 Nc6 6. c3 Bd6 7. Bg3 O-O 8. Bb5 {D02: 1 d4 d5 2 Nf3 sidelines, including 2...Nf6 3 g3 and 2...Nf6 3 Bf4} a6 (8... Ne7 9. Bd3 Qb6 10. Rb1 Bd7 11. Ne5 Bb5 12. c4 dxc4 13. Nexc4 Bxc4 14. Nxc4 Qb4+ 15. Kf1 Bxg3 {½-½ (42) Grachev,B (2614)-Karjakin,S (2754) Moscow 2019}) 9. Bxc6 bxc6 10. Qa4 Rb8 11. Bxd6 Qxd6 12. Qa3 Rb5 (12... Nd7 $11 {remains equal.}) 13. O-O $146 ({Predecessor:} 13. Nb3 Qb8 14. Nxc5 Rxb2 15. O-O Qb5 {1-0 (29) Toth,C (2348)-Macedo,M (2348) Rio de Janeiro 2018}) 13... Rd8 ({Black should play} 13... Qc7 $14) 14. dxc5 $16 Rxc5 15. Nd4 Ng4 {[%csl Gg4][%cal Rd6h2] [#]} 16. N2f3 f6 17. h3 Ne5 18. Nxe5 fxe5 19. Nb3 Rb5 20. Qxd6 Rxd6 21. Rfd1 Kf7 22. Rac1 Ke7 23. Rd2 Rb8 ({Black should try} 23... a5 $14) 24. Nc5 Rb5 25. Nb3 Rb8 26. Nc5 Rb5 $1 {[%cal Rb5c5]} 27. Nb3 Rb8 $1 28. Nc5 Rb5 $1 {[%cal Rb5c5]} 29. Nb3 Rb8 $1 30. Nc5 Rb5 $1 {Accuracy: White = 52%, Black = 58%.} 1/2-1/2

[Event "12th Chennai Open 2020"]
[Site "Chennai"]
[Date "2020.01.25"]
[Round "10.11"]
[White "Saravanan, V.."]
[Black "Neverov, Valeriy"]
[Result "0-1"]
[WhiteElo "2325"]
[BlackElo "2460"]
[Annotator "TA"]
[PlyCount "78"]
[EventDate "2020.01.19"]
[EventType "swiss"]
[EventCountry "IND"]
[SourceTitle "playchess.com"]
[Source "ChessBase"]
[SourceQuality "1"]

{[%evp 15,78,22,44,29,79,62,67,65,68,67,58,61,96,70,94,95,125,89,82,82,79,73,80,70,81,79,95,89,125,0,97,0,101,91,113,111,85,100,129,-24,-27,-47,-45,-27,-43,-41,0,-81,-81,-287,-314,-423,-403,-571,-566,-564,-560,-551,-541,-725,-64,-911,-590,-1685,-1504]} 1. Nf3 g6 2. c4 Bg7 3. d4 Nf6 4. Nc3 d6 5. e4 O-O 6. Be2 Na6 7. O-O e5 8. Re1 Qe8 9. Bf1 {E94: King's Indian: Classical: 6 Be2 e5 7 0-0: Various Black 7th moves} h6 10. b3 $146 ({Predecessor:} 10. Rb1 c6 11. b4 exd4 12. Nxd4 Ng4 13. h3 Qe5 14. Nf3 Qe7 15. hxg4 Bxc3 16. Bxh6 Bxe1 17. Qxe1 Bxg4 {1-0 (40) Buhmann,R (2546)-Kotronias,V (2622) Gonfreville 2006}) 10... exd4 11. Nxd4 {White is slightly better.} Ng4 12. f4 Qe7 {[#] And now ...Qh4 would win.} 13. g3 c6 14. Bb2 Bd7 15. Qd2 Rad8 16. Rad1 Bc8 17. Bg2 Rfe8 18. h3 Nf6 19. Qf2 Qc7 20. Nc2 Nd7 21. Ne3 Nf6 22. Nc2 Nd7 $1 23. Ne3 (23. Na4 $16) 23... Qa5 (23... Nf6 $1 $11) 24. Na4 Nf6 25. Bc3 Qc7 26. Qb2 Qe7 27. e5 $2 (27. Nd5 $16 cxd5 28. exd5) 27... dxe5 $11 28. Rxd8 Rxd8 29. Bxe5 Nb4 {Strongly threatening ...b5.} 30. Qa3 c5 31. Nb2 (31. Bc3 $1 $11) 31... b6 $17 32. Rd1 $2 (32. Bc3 $17) 32... Nd7 $19 33. Ng4 ({Of course not} 33. Nd5 Nxd5 34. Bxg7 Nxf4 $19) 33... Nxe5 {[%mdl 64] [#] Discovered Attack} 34. Rxd8+ (34. Nxe5 $142 Bxe5 35. fxe5) 34... Qxd8 35. Nxe5 Bxe5 36. fxe5 Bf5 37. g4 Qd2 $2 (37... Qd4+ $19 38. Kh1 Be4) 38. Kh1 $2 {[%mdl 8192]} (38. gxf5 $15 Qe3+ 39. Kh1) 38... Be6 39. Be4 Qe1+ {[%mdl 64] Double Attack. Accuracy: White = 39%, Black = 52%.} 0-1

[Event "12th Chennai Open 2020"]
[Site "Chennai"]
[Date "2020.01.25"]
[Round "10.12"]
[White "Mitrabha, Guha"]
[Black "Harshavardhan G B"]
[Result "1-0"]
[WhiteElo "2448"]
[BlackElo "2343"]
[Annotator "TA"]
[PlyCount "105"]
[EventDate "2020.01.19"]
[EventType "swiss"]
[EventCountry "IND"]
[SourceTitle "playchess.com"]
[Source "ChessBase"]
[SourceQuality "1"]

{[%evp 25,105,29,27,4,17,4,86,20,47,47,42,47,50,18,35,7,77,75,114,112,111,87,133,105,105,95,117,115,120,120,118,131,95,124,239,219,301,308,306,309,316,289,456,447,458,466,443,457,471,473,480,393,439,450,505,513,493,400,393,394,435,421,423,277,275,303,280,283,289,259,365,322,330,330,330,329,317,313,653,653,645,607]} 1. d4 Nf6 2. c4 e6 3. g3 d5 4. Bg2 dxc4 5. Qa4+ Bd7 6. Qxc4 Bc6 7. Nf3 Nbd7 8. O-O Bd5 9. Qc2 Be4 10. Qb3 Bd5 11. Qc2 Be4 12. Qd1 c5 13. Nc3 Bc6 14. Bf4 {E02: Open Catalan: 5 Qa4+} (14. Be3 cxd4 15. Bxd4 Be7 16. Ne5 Bxg2 17. Kxg2 Nxe5 18. Bxe5 Qa5 19. Bxf6 Bxf6 20. Ne4 O-O 21. Nxf6+ gxf6 22. Qd4 {½-½ (19) Timman,J (2565)-Karpov,A (2628) Murmansk 2016}) 14... cxd4 15. Qxd4 Nb6 $146 (15... Bc5 $11 {keeps the balance.} 16. Qd2 O-O) ({Predecessor (2):} 15... Bc5 16. Qc4 Rc8 17. Qb3 Qb6 18. Qxb6 Nxb6 19. Ne5 Bxg2 20. Kxg2 Bb4 21. Nb5 a6 {½-½ (36) Palit,S (2345)-Prasanna Raghuram,R (2424) Vlissingen 2015}) 16. Be5 (16. e4 $16) 16... Qxd4 17. Bxd4 Nbd7 18. Rfd1 Be7 19. e4 O-O 20. Be3 Nc5 (20... Ng4 $11 {remains equal.}) 21. Ne5 $16 Be8 22. Rac1 b6 23. h3 Rb8 24. g4 h6 25. Nc4 Rd8 26. e5 {[#] And now Rxd8 would win.} Rxd1+ 27. Rxd1 {Hoping for Bxc5.} ({Much worse is} 27. Nxd1 $6 Nd5 $11) 27... Nfd7 28. b4 $36 {[%mdl 2048] White is in control.} Na6 29. a3 Ndb8 {[#]} (29... Nc7 $16) 30. Nd6 $1 $18 Nc7 31. Nc8 $1 {[%csl LRa7,LRe7]} Bh4 32. Nxa7 Nd7 33. f4 Na6 (33... g5 $142 34. Bc6 gxf4) 34. Ncb5 g5 35. Nd6 Nab8 36. Nc6 gxf4 37. Bxf4 Bg5 38. Bg3 Be3+ 39. Kf1 b5 40. Ke2 Bb6 41. Nxb5 Nxe5 42. Ne7+ (42. Nxe5 Bxb5+ 43. Ke1 Rc8 $16) ({Weaker is} 42. Bxe5 Bxc6 43. Bxc6 Nxc6 $18) 42... Kh7 43. Nd6 ({Not} 43. Bxe5 Bxb5+ 44. Ke1 f6 $18) 43... f6 44. Rf1 Kg7 45. Bxe5 fxe5 46. Rxf8 Kxf8 47. Nec8 Bd4 (47... Bd8 $142 48. Nxe8 Kxe8 49. Nd6+ Kd7) 48. Nxe8 Kxe8 49. Nd6+ Kd7 50. Nb5 Bb6 51. Kd3 Nc6 $2 (51... Bf2 52. Bb7 Bg3) 52. Bxc6+ Kxc6 53. Nc3 {Accuracy: White = 63%, Black = 44%.} 1-0

[Event "12th Chennai Open 2020"]
[Site "Chennai"]
[Date "2020.01.25"]
[Round "10.13"]
[White "Rohith Krishna S"]
[Black "Viani Antonio Dcunha"]
[Result "1-0"]
[WhiteElo "2289"]
[BlackElo "2417"]
[Annotator "TA"]
[PlyCount "83"]
[EventDate "2020.01.19"]
[EventType "swiss"]
[EventCountry "IND"]
[SourceTitle "playchess.com"]
[Source "ChessBase"]
[SourceQuality "1"]

{[%evp 26,83,42,43,70,60,73,40,64,31,35,19,65,58,70,57,52,77,63,60,129,108,104,91,139,136,199,176,195,215,797,440,785,447,426,429,419,409,396,397,341,295,278,265,1026,961,1978,1953,1627,1497,29985,29986,29972,29973,29988,29989,29993,29994,29994,29995]} 1. d4 Nf6 2. Nf3 g6 3. g3 Bg7 4. Bg2 O-O 5. O-O d6 6. c4 Nc6 7. d5 Na5 8. Nfd2 a6 9. Nc3 c5 10. Qc2 Bd7 11. b3 b5 12. Bb2 Rb8 13. Rab1 bxc4 14. bxc4 e6 {E66: King's Indian: Fianchetto: 6...c5 7 0-0 Nc6 8 d5} 15. Ba1 Qc7 16. h3 $146 ({Predecessor:} 16. e4 e5 17. Rxb8 Rxb8 18. Rb1 Nh5 19. Bf3 Nf6 20. Rxb8+ Qxb8 21. Ncb1 Qb6 22. Bd1 {1-0 (40) Schweber,S (2425)-Gouder,A (2215) Valetta 1980}) 16... e5 {White is slightly better.} 17. e4 Nh5 18. Ne2 f5 19. Rxb8 Qxb8 20. f4 exf4 21. Bxg7 ({Don't play} 21. Nxf4 Bxa1 22. Rxa1 Nxg3 $17) 21... Nxg7 22. Nxf4 Qc8 (22... fxe4 $14 23. Nxe4 Bf5) 23. Kh2 Nb7 24. Qb2 Nd8 25. exf5 Bxf5 (25... gxf5 $16 26. Rb1 Nf7) 26. g4 $18 Bd7 27. Ne4 $40 {[%mdl 128] Threatens to win with Nf6+. White wants a kill.} Nf7 $2 (27... Ne8 28. Qb6 Nf7) 28. Nf6+ Kh8 29. Nxd7 Qxd7 {[#]} 30. Ne6 $1 {[%csl Ge6][%cal Rb2g7][%mdl 512]} Rg8 {[#]} 31. Qf6 $1 {[%cal Rf6f7]} Ne5 32. Rf4 Qe8 {If only Black now had time for ...Nd7....} 33. Nxg7 {[%mdl 64] Discovered Attack} Rxg7 34. Qxd6 {[%mdl 64] Rf8+ is the strong threat. Double Attack} Rf7 $2 (34... Nf7 35. Qxc5 Qb8) 35. Re4 Re7 36. Qf6+ Kg8 37. d6 Nxg4+ 38. Rxg4 {White mates.} ({Inferior is} 38. hxg4 Rxe4 39. Bxe4 Qxe4 $11) 38... Re2 39. Rf4 Rd2 {[#]} 40. d7 $1 {[%cal Rd7e8][%mdl 64] Discovered Attack} Qb8 (40... Rxd7 41. Bd5+) 41. Qf7+ Kh8 42. Qe8+ {[%mdl 64] Double Attack. Accuracy: White = 75%, Black = 34%.} 1-0